Music Quiz

Random Music or Artist Quiz

Two-Hit Wonders Quiz Stats

 Plays Quiz Updated Sep 13, 2019

Score 0/44 Timer 12:00
1 Play Today
First Hit (#HP - Year) Artist % Correct
Ice Ice Baby (#1-1990)Vanilla Ice
84.3%
Incomplete (#1-2000)Sisqó
47.4%
Fast Car (#6-1988)Tracy Chapman
45.2%
Never Can Say Goodbye (#9-1975)Gloria Gaynor
42.2%
Wild Thing (#2-1989)Tone Löc
40.4%
Somebody To Love (#5-1967)Jefferson Airplane
39.8%
Summer Girls (#3-1999)LFO
37.7%
Good Vibrations (#1-1991)Marky Mark & The Funky Bunch
31.5%
More Than Words (#1-1991)Extreme
30.4%
18 And Life (#4-1989)Skid Row
25.3%
All Or Nothing (#3-2001)O-Town
23.7%
I Need To Know (#3-1999)Marc Anthony
22.4%
Don't Dream It's Over (#2-1987)Crowded House
19.4%
Damn I Wish I Was Your Lover (#5-1992)Sophie B. Hawkins
19.4%
Right Here, Right Now (#2-1991)Jesus Jones
18.8%
Flying Without Wings (#2-2003)Ruben Studdard
18.1%
Everything About You (#9-1992)Ugly Kid Joe
17.7%
Buffalo Stance (#3-1989)Neneh Cherry
16.5%
I'm Not In Love (#2-1975)10cc
14.9%
Show Me Love (#7-1997)Robyn
14.3%
Gimme Some Lovin' (#7-1967)Spencer Davis Group
14%
Love Song (#10-1990)Tesla
13.8%
First Hit (#HP - Year) Artist % Correct
Sadeness (#5-1991)Enigma
12.7%
Wait (#8-1988)White Lion
11.3%
Hooked On A Feeling (#1-1974)Blue Swede
9.3%
Iesha (#9-1991)Another Bad Creation
9.2%
Tell It Like It Is (#2-1967)Aaron Neville
9%
Amos Moses (#8-1971)Jerry Reed
7.8%
Sometimes When We Touch (#3-1978)Dan Hill
7.7%
Boogie Oogie Oogie (#1-1978)A Taste Of Honey
7.7%
Green-Eyed Lady (#3-1970)Sugarloaf
7.2%
808 (#8-1999)Blaque
6.1%
What The World Needs Now Is Love (#7-1965)Jackie DeShannon
5.5%
Midnight Blue (#5-1987)Lou Gramm
5.4%
Right Back Where We Started From (#2-1976)Maxine Nightingale
4.8%
Handy Man (#2-1960)Jimmy Jones
4.8%
Baby, I Love Your Way/Freebird Medley (#1-1988)Will To Power
4.2%
Blue Moon (#1-1961)The Marcels
4.2%
Fly, Robin, Fly (#1-1975)Silver Convention
3.5%
Tossin' And Turnin' (#1-1961)Bobby Lewis
3.2%
Last Night (#9-1996)AZ Yet
2.9%
Whatcha See Is Whatcha Get (#9-1971)The Dramatics
1.8%
My Whole World Ended (The Moment You Left Me) (#9-1969)David Ruffin
1.7%
Hold You Tight (#3-1991)Tara Kemp
1.6%

You're not logged in!

Compare scores with friends on all Sporcle quizzes.
OR
Log In

Sporcle TV

Today on Sporcle TV


Watch our educational content, quiz creation guides, and fun videos on Sporcle TV.

Show Comments

Extras

Top Quizzes Today


Score Distribution

Your Account Isn't Verified!

In order to create a playlist on Sporcle, you need to verify the email address you used during registration. Go to your Sporcle Settings to finish the process.

Report this User

Report this user for behavior that violates our Community Guidelines.

Details: